000 00292nam a2200109Ia 4500
008 200302s9999 xx 000 0 und d
100 _aNeil J. Smlser and other
245 _aThe handbook of economic sociology 2nd ed
260 _bPrinceton Architectural Press
260 _c2005
300 _a736
999 _c5970
_d5970